000 00861pab a2200169 454500
008 180718b1999 xxu||||| |||| 00| 0 eng d
100 _aJain, S.P.
245 _aGram Sabha - task before the nation
260 _c1999
300 _ap.19-24,54
362 _aOct
520 _aThe declaration of the year 1999-2000 as the year of the Gram Sabha signifies the importance which the government attaches to this institution and its resolve to strengthen it in a manner which will facilitate consultation of the process of direct democracy at the village level. The objective of the Government can be successful only through a directed effort. This will call for action not only from the government but also from all sections of the society. - Reproduced
650 _aRural development - India
650 _aPanchayat
773 _aKurukshetra
909 _a42616
999 _c42616
_d42616